Porovnanie konkurencieschopnosti cestovného ruchu krajín Vyšehradskej štvorky

Index konkurencieschopnosti cestovného ruchu. Konkurencieschopnosť cestovného ruchu krajín Vyšehrádskej štvorky.

Guardado en:
Detalles Bibliográficos
Autor principal: Marciš, Matúš
Formato: Capítulo de libro
Lenguaje:eslovaco
Materias:
Etiquetas: Agregar Etiqueta
Sin Etiquetas, Sea el primero en etiquetar este registro!

MARC

LEADER 00000naa a2200000 4500
001 0226666
005 20231016081139.8
041 0 |a slo 
044 |a SK 
245 1 0 |a Porovnanie konkurencieschopnosti cestovného ruchu krajín Vyšehradskej štvorky  |c Matúš Marciš 
520 |a Index konkurencieschopnosti cestovného ruchu. Konkurencieschopnosť cestovného ruchu krajín Vyšehrádskej štvorky. 
610 2 0 |a ruch cestovný 
610 2 0 |a konkurencieschopnosť 
610 2 0 |a Vyšehradská štvorka 
100 1 |a Marciš, Matúš